Consultation on Landfill Directive (Record no. 68391)
[ view plain ]
| 000 -LEADER | |
|---|---|
| fixed length control field | 01348cam a2200241 4500 |
| 001 - CONTROL NUMBER | |
| control field | ABS64613 |
| 008 - FIXED-LENGTH DATA ELEMENTS--GENERAL INFORMATION | |
| fixed length control field | 010926n 000 0 eng u |
| 035 ## - SYSTEM CONTROL NUMBER | |
| System control number | (Sirsi) u114861 |
| 100 ## - MAIN ENTRY--PERSONAL NAME | |
| Personal name | O'Keefe, J. |
| 245 ## - TITLE STATEMENT | |
| Title | Consultation on Landfill Directive |
| 260 ## - PUBLICATION, DISTRIBUTION, ETC. | |
| Place of publication, distribution, etc. | c $2 001 |
| 490 ## - SERIES STATEMENT | |
| Series statement | Wastes Management |
| Volume/sequential designation | September 2001, 55-56(2) |
| 520 ## - SUMMARY, ETC. | |
| Summary, etc. | On 8 August 2001 DEFRA published its second consultation paper on EC Directive 1999/31/EC on the Landfill of Waste. The consultation paper focuses on how government intends to implement the Landfill Directive, and contains a set of draft regulations (the "Landfill [England and Wales] Regulations 2001). Discusses the content of the consultation paper, and some of the key issues it raises. Notes that government is particularly keen to receive industry opinion on the proposed bans on the landfilling of certain substances, national waste acceptance criteria and procedures, and the management of hazardous waste sites. Responses must reach DEFRA by 26 October 2001. |
| 590 ## - LOCAL NOTE (RLIN) | |
| Local note | ABS |
| 650 ## - SUBJECT ADDED ENTRY--TOPICAL TERM | |
| Topical term or geographic name entry element | CONSULTATION PAPER |
| 650 ## - SUBJECT ADDED ENTRY--TOPICAL TERM | |
| Topical term or geographic name entry element | LANDFILL |
| 650 ## - SUBJECT ADDED ENTRY--TOPICAL TERM | |
| Topical term or geographic name entry element | EU DIRECTIVE |
| 650 ## - SUBJECT ADDED ENTRY--TOPICAL TERM | |
| Topical term or geographic name entry element | ENVIRONMENTAL PROTECTION ACT 1990 |
| 650 ## - SUBJECT ADDED ENTRY--TOPICAL TERM | |
| Topical term or geographic name entry element | POLLUTION PREVENTION AND CONTROL REGULATIONS 2000 |
| 690 ## - LOCAL SUBJECT ADDED ENTRY--TOPICAL TERM (OCLC, RLIN) | |
| Topical term or geographic name as entry element | ENVIRONMENTAL AND LAND CONSULTANCY-WASTE MANAGEMENT |
| 700 ## - ADDED ENTRY--PERSONAL NAME | |
| Personal name | Boileau, S. |
| 942 ## - ADDED ENTRY ELEMENTS (KOHA) | |
| Suppress in OPAC | 0 |
| Withdrawn status | Lost status | Source of classification or shelving scheme | Damaged status | Not for loan | Home library | Current library | Shelving location | Date acquired | Total Checkouts | Full call number | Barcode | Date last seen | Copy number | Price effective from | Koha item type |
|---|---|---|---|---|---|---|---|---|---|---|---|---|---|---|---|
| Dewey Decimal Classification | London | London | Journal article | 26/09/2001 | ABS64613 | 114861-1001 | 06/08/2019 | 1 | 06/08/2019 | Journal article |